LEADER 01037nam--2200361---450- 001 990003557750203316 005 20110825123519.0 010 $a978-88-17-04858-3 035 $a000355775 035 $aUSA01000355775 035 $a(ALEPH)000355775USA01 035 $a000355775 100 $a20110825d2011----km-y0itay50------ba 101 1 $aita 102 $aIT 105 $aa---||||001yy 200 1 $aFavole periodiche$fHugh Aldersey-Williams$gtraduzione di Daniele Didero 210 $aMilano$cRizzoli$d2011 215 $a584 p.$cill.$d19 cm 454 0$12001$aPeriodic tales$938866 606 0 $aElementi chimici$2BNCF 676 $a546.8 700 1$aALDERSEY-WILLIAMS,$bHugh$0479728 702 1$aDIDERO,$bDaniele 801 0$aIT$bsalbc$gISBD 912 $a990003557750203316 951 $aII.6. 1387$b232783 L.M.$cII.6.$d00298624 959 $aBK 969 $aUMA 979 $aIANNONE$b90$c20110825$lUSA01$h1231 979 $aIANNONE$b90$c20110825$lUSA01$h1235 996 $aPeriodic tales$938866 997 $aUNISA LEADER 01583cam0-22003731i-450 001 990000214480403321 005 20210108105555.0 035 $a000021448 035 $aFED01000021448 035 $a(Aleph)000021448FED01 035 $a000021448 100 $a20020821g18701871km-y0itay50------ba 101 0 $aita 102 $aIT 105 $aaf------001yy 200 1 $aTrattato pratico di architettura stradale$eopera ad uso degli ingegneri e costruttori delle strade comuni, dei ponti e delle ferrovie con tavole incise$fAntonio Cantalupi 210 $aMilano$cC. Brigola$d1870-1871 215 $a2 v.$cill.$d27 cm$eatlante 225 1 $aNuova biblioteca dell'ingegnere-architetto civile$v17$v18 307 $a1.: 419 p., XI c. di tav. ; 2.: 514 p., [22] c. di tav. 610 0 $aCostruzioni stradali 676 $a625.7$v21$zita 700 1$aCantalupi,$bAntonio$03130 801 0$aIT$bUNINA$gRICA$2UNIMARC 856 4 $zVisualizza la versione elettronica in SBNWeb$uhttps://books.google.it/books?id=HgixrGQlNlwC&printsec=frontcover&hl=it&source=gbs_ge_summary_r&cad=0#v=onepage&q&f=false$e20210108 856 4 $zVisualizza la versione elettronica in SBNWeb$uhttps://books.google.it/books?id=yHh3ZFG7SfwC&printsec=frontcover&hl=it&source=gbs_ge_summary_r&cad=0#v=onepage&q&f=false$e20210108 901 $aBK 912 $a990000214480403321 952 $a13 AR 18 C 59$b3145$fFINBC 952 $a13 AR 18 C 60$b3146$fFINBC 952 $a13 AR 15 E 56$b3342$fFINBC 959 $aFINBC 996 $aTrattato pratico di architettura stradale$9123313 997 $aUNINA LEADER 01460nam 2200493 450 001 9910466839803321 005 20200520144314.0 010 $a1-5124-8616-7 035 $a(CKB)3840000000335982 035 $a(MiAaPQ)EBC5444456 035 $a(Au-PeEL)EBL5444456 035 $a(CaPaEBR)ebr11588299 035 $a(OCoLC)1045042858 035 $a(EXLCZ)993840000000335982 100 $a20180719d2018 uy 0 101 0 $aeng 135 $aurcnu|||||||| 181 $ctxt$2rdacontent 182 $cc$2rdamedia 183 $acr$2rdacarrier 200 14$aThe communist manifesto /$fby Karl Marx ; edited Friedrich Engels 210 1$aMinneapolis, MN :$cFirst Avenue Editions, a division of Lerner Publishing Group,$d[2018] 210 4$dİ2018 215 $a1 online resource (42 pages) 225 1 $aFirst Avenue classics 311 $a1-5124-8606-X 410 0$aFirst Avenue classics. 606 $aCommunism$vJuvenile literature 606 $aSocialism$vJuvenile literature 606 $aCapitalism$vJuvenile literature 608 $aElectronic books. 615 0$aCommunism 615 0$aSocialism 615 0$aCapitalism 676 $a335.4/22 700 $aMarx$b Karl$f1818-1883,$032587 702 $aEngels$b Friedrich$f1820-1895, 801 0$bMiAaPQ 801 1$bMiAaPQ 801 2$bMiAaPQ 906 $aBOOK 912 $a9910466839803321 996 $aThe communist manifesto$92055477 997 $aUNINA